| Tag |
First Indicator |
Second Indicator |
Subfields |
| LEADER |
00000cam a22000008i 4500 |
| 001 |
in00004829621 |
| 008 |
190405s2019 nyua d 6 000 f eng d |
| 005 |
20240813145901.9 |
| 035 |
|
|
|a (OCoLC)on1104653220
|
| 040 |
|
|
|a UKMGB
|b eng
|e rda
|c UKMGB
|d OCLCO
|d OCLCF
|d PLF
|d JQW
|d GO6
|d YDX
|d HBP
|d TCH
|d VP@
|d NZAUC
|d CGP
|d NQH
|d IMD
|d ANK
|d OCLCQ
|d OCLCA
|d KCP
|d T3V
|d DWP
|d LMJ
|d OCL
|d PLS
|d OCLCQ
|d EHH
|d OCL
|d OCLCO
|d KOTUI
|d CDS
|d OCLCO
|d OCL
|d OCLCO
|d OCLCL
|d OCLCQ
|
| 015 |
|
|
|a GBB9A1003
|2 bnb
|
| 016 |
7 |
|
|a 019427461
|2 Uk
|
| 019 |
|
|
|a 1078894180
|a 1110619340
|a 1111900416
|a 1112082486
|a 1112344394
|a 1114540305
|a 1114981486
|a 1117488309
|a 1121614642
|a 1121655288
|a 1121661920
|a 1122712160
|a 1123132352
|a 1124565244
|a 1124989126
|a 1125269524
|a 1126300080
|a 1140201442
|a 1143472256
|a 1255438834
|a 1263159712
|a 1265414804
|
| 020 |
|
|
|a 9781302912949
|q (paperback)
|
| 020 |
|
|
|a 1302912941
|q (paperback)
|
| 035 |
|
|
|a (OCoLC)1104653220
|z (OCoLC)1078894180
|z (OCoLC)1110619340
|z (OCoLC)1111900416
|z (OCoLC)1112082486
|z (OCoLC)1112344394
|z (OCoLC)1114540305
|z (OCoLC)1114981486
|z (OCoLC)1117488309
|z (OCoLC)1121614642
|z (OCoLC)1121655288
|z (OCoLC)1121661920
|z (OCoLC)1122712160
|z (OCoLC)1123132352
|z (OCoLC)1124565244
|z (OCoLC)1124989126
|z (OCoLC)1125269524
|z (OCoLC)1126300080
|z (OCoLC)1140201442
|z (OCoLC)1143472256
|z (OCoLC)1255438834
|z (OCoLC)1263159712
|z (OCoLC)1265414804
|
| 043 |
|
|
|a f------
|a n-us---
|
| 050 |
|
4 |
|a PN6728.B519338
|b C628
|
| 082 |
0 |
4 |
|a 741.5
|2 23
|
| 100 |
1 |
|
|a Coates, Ta-Nehisi,
|e author.
|
| 245 |
1 |
0 |
|a Black Panther.
|n Book 7,
|p The intergalactic empire of Wakanda.
|n Part two /
|c Ta-Nehisi Coates, writer ; Kev Walker, Jen Bartel, artists ; Stéphane Paitreau, Java Tartaglia, Triona Farrell, color artists ; Kris Anka, layouts ; VC's Joe Sabino, letterer.
|
| 246 |
3 |
0 |
|a Intergalactic empire of Wakanda.
|n Part two
|
| 264 |
|
1 |
|a New York, NY :
|b Marvel Worldwide, Inc.,
|c [2019]
|
| 264 |
|
4 |
|c ©2019
|
| 300 |
|
|
|a 1 volume (unpaged) :
|b chiefly color illustrations ;
|c 26 cm
|
| 336 |
|
|
|a text
|b txt
|2 rdacontent
|
| 336 |
|
|
|a still image
|b sti
|2 rdacontent
|
| 337 |
|
|
|a unmediated
|b n
|2 rdamedia
|
| 338 |
|
|
|a volume
|b nc
|2 rdacarrier
|
| 490 |
1 |
|
|a Black Panther ;
|v 7
|
| 500 |
|
|
|a "Contains material originally published in magazine form as Black Panther #7-12."
|
| 500 |
|
|
|a "Black Panther created by Stan Lee & Jack Kirby."
|
| 520 |
|
|
|a "When a dissident from the Martian-conquered future, Erik Killraven, threatens to overthrow Wakanda, the disgraced prince must wager what little is left of his soul to save his people! And for years, the Maroons have lain dormant, planning the next stage of their rebellion. At last, it is time to strike - with a treasure hunt for unstable Vibranium! And with the Black Panther once again in their ranks, they're certain of victory. But what will victory cost? When the chips are down, will the Maroons rise to heroism, or are they doomed by the trauma of their past?"--Provided by publisher.
|
| 521 |
8 |
|
|a Rated T for Teen.
|
| 600 |
0 |
0 |
|a Black Panther
|c (Fictitious character)
|v Comic books, strips, etc.
|
| 650 |
|
0 |
|a Superheroes
|v Comic books, strips, etc.
|
| 650 |
|
0 |
|a Kings and rulers
|v Comic books, strips, etc.
|
| 651 |
|
0 |
|a Africa
|v Comic books, strips, etc.
|
| 650 |
|
1 |
|a Black Panther
|c (Fictitious character)
|v Fiction.
|
| 650 |
|
1 |
|a Superheroes
|v Fiction.
|
| 650 |
|
6 |
|a Bandes dessinées de superhéros.
|
| 650 |
|
6 |
|a Rois et souverains
|v Bandes dessinées.
|
| 651 |
|
6 |
|a Afrique
|v Bandes dessinées.
|
| 650 |
|
7 |
|a COMICS & GRAPHIC NOVELS
|x Superheroes (see also FICTION
|x Superheroes)
|2 bisacsh
|
| 600 |
0 |
7 |
|a Black Panther
|c (Fictitious character)
|2 fast
|0 (OCoLC)fst02000849
|
| 650 |
|
7 |
|a Superheroes.
|2 fast
|0 (OCoLC)fst01765254
|
| 650 |
|
7 |
|a Kings and rulers.
|2 fast
|0 (OCoLC)fst00987694
|
| 651 |
|
7 |
|a Africa.
|2 fast
|0 (OCoLC)fst01239509
|1 https://id.oclc.org/worldcat/entity/E39PBJkHrMyfHC67yqRTycbrv3
|
| 655 |
|
0 |
|a Young adult fiction.
|
| 655 |
|
7 |
|a superhero comics.
|2 aat
|
| 655 |
|
7 |
|a Young adult works.
|2 fast
|0 (OCoLC)fst01726790
|
| 655 |
|
7 |
|a Superhero comics.
|2 fast
|0 (OCoLC)fst01922562
|
| 655 |
|
7 |
|a Science fiction comics.
|2 fast
|0 (OCoLC)fst01921733
|
| 655 |
|
7 |
|a Graphic novels.
|2 fast
|0 (OCoLC)fst01726630
|
| 655 |
|
7 |
|a Fiction.
|2 fast
|0 (OCoLC)fst01423787
|
| 655 |
|
7 |
|a Comics (Graphic works)
|2 fast
|0 (OCoLC)fst01921613
|
| 655 |
|
7 |
|a Superhero comic books, strips, etc.
|2 gsafd
|
| 655 |
|
7 |
|a Graphic novels.
|2 lcgft
|
| 655 |
|
7 |
|a Superhero comics.
|2 lcgft
|
| 655 |
|
7 |
|a Science fiction comics.
|2 lcgft
|
| 655 |
|
7 |
|a Comics (Graphic works)
|2 lcgft
|
| 655 |
|
7 |
|a Bandes dessinées de superhéros.
|2 rvmgf
|
| 655 |
|
7 |
|a Bandes dessinées de science-fiction.
|2 rvmgf
|
| 655 |
|
7 |
|a Bandes dessinées.
|2 rvmgf
|
| 700 |
1 |
|
|a Walker, Kevin,
|d 1965-
|e artist.
|1 https://id.oclc.org/worldcat/entity/E39PBJfRBf6BH8PHhh7dJg7GpP
|
| 700 |
1 |
|
|a Bartel, Jen,
|e artist.
|
| 700 |
1 |
|
|a Paitreau, Stéphane,
|e colorist.
|
| 700 |
1 |
|
|a Tartaglia, Java,
|e colorist.
|
| 700 |
1 |
|
|a Farrell, Triona,
|e colourist.
|
| 700 |
1 |
|
|a Anka, Kris,
|e illustrator.
|
| 700 |
1 |
|
|a Sabino, Joe,
|e letterer.
|
| 830 |
|
0 |
|a Black Panther ;
|v 7.
|
| 938 |
|
|
|a YBP Library Services
|b YANK
|n 15887750
|
| 029 |
0 |
|
|a UKMGB
|b 019427461
|
| 029 |
1 |
|
|a AU@
|b 000065946716
|
| 029 |
1 |
|
|a AU@
|b 000066904342
|
| 994 |
|
|
|a Z0
|b TXA
|
| 948 |
|
|
|h HELD BY TXA - 410 OTHER HOLDINGS
|
| 999 |
f |
f |
|s 11ac0bbf-4f44-4199-96cc-6202f2c922d2
|i efc807a5-dbe1-4fd3-aa93-a4908c092e7f
|t 0
|
| 952 |
f |
f |
|p noncirc
|a Texas A&M University
|b College Station
|c Cushing Memorial Library & Archives
|d Cushing: Science Fiction (Does not check out)
|t 0
|e PN6728.B519338 C633 2019
|h Library of Congress classification
|i unmediated -- volume
|m A1485292781E
|
| 998 |
f |
f |
|a PN6728.B519338 C633 2019
|t 0
|l Cushing: Science Fiction (Does not check out)
|